00676nam a2200205Ia 4500952013000000999001700130003000400147005001700151008004100168020001500209040000900224082001800233100003400251245005300285250001200338260004900350300000900399650002000408942004200428 00102ddc40708ISLAMaMESbMEScISLd2019-02-20g50.00l0o297.64 NAD/Up25091r2019-02-20 00:00:00w2019-02-20yBKzGL47R1 c22468d22468OSt20200214100735.0190216s9999||||xx |||||||||||||| ||und|| a8172044539 coclc a297.64bNAD/U a Nadvi, Sayyid Sulaiman91970 0aUmmul Mu`mineen A`ysha /cSayyid Sulaiman Nadvi a1st ed. bIslamic Publishing House,c1998.aKozhikode: a220p aIslamic History cBK2ddch297.64iNAD/Uk297.64mNAD/U